000 01158nam a2200289Ia 4500
003 GCL
005 20240530110136.0
008 140319s9999 xx 000 0 ara d
040 _aGCL /
_cGCL
082 0 4 _a953
_bم م
100 1 _aالمسعودى : ابو الحسن على بن الحين بن على الشافعى
245 1 0 _aمروج الذهب ومعادن الجوهر /
_cالمسعودى : ابو الحسن على بن الحين بن على الشافعى ؛ تحقيق محمد محى الدين عبدالحميد
250 _aط4
_bمزيدة ومنقحة
260 _aالقاهرة :
_bالمكتبة التجارية الكبرى ،
_c1964
300 _aمتعدد ؛
_c24 سم
650 0 4 _aتاريخ
650 0 4 _aالاندلس
650 0 4 _aالحضارة
650 0 4 _aالتاريخ الاسلامى
650 0 4 _aالعالم القديم
650 0 4 _aالرحالة العرب
650 0 4 _aالحضارة الاسلامية
650 0 4 _aالعرب والروم
650 0 4 _aحضارة العصور الوسطى
700 _aمحمد محى الدين عبدالحميد
_eمحقق
942 _2ddc
_cBK
999 _c58894
_d58894